000 00812nam a2200253Ia 4500
003 OSt
005 20221005104406.0
006 a|||||r|||| 00| 0
007 ta
008 221004b |||||||| |||| 00| 0 hin d
024 _a107276
037 _cTextual
040 _aCRL
_cCRL
_bhin
041 _2hin
_ahin
082 _aO111,2M97,1, 152M6
100 _aवाईडल्र, थौरोन्टन
245 0 _aबाल बाल बचे
246 _aBāl bāl bache
260 _aदिल्ली
_bभारती भाषा भारत
_c1986
300 _a96पृ0
_ccm.
650 _aअंग्रेजी साहित्य
942 _hO111,2M97,1, 152M6
_cTEXL
_2cc
999 _c1012570
_d1012570